Geography Quiz

Random Geography or Blitz Quiz

Is It That Canadian Province? Quiz Stats

Quiz Updated Mar 21, 2016

Challenge
Share
Tweet
Score 0/13 Timer 02:00
6 Plays Today
% Correct
Yes, it's British Columbia!
94.3%
Yes, it's Ontario!
92.7%
Yes, it's Quebec!
91.4%
Yes, it's Newfoundland and Labrador!
90.9%
Yes, it's Prince Edward Island!
86.2%
Yes, it's Nunavut!
81.6%
Correct, it's Manitoba!
81.1%
Correct, it's the Northwest Territories!
79.3%
Correct, it's Alberta!
74.9%
Correct, it's Nova Scotia!
72.2%
Correct, it's Saskatchewan!
68.2%
Correct, it's New Brunswick!
67.6%
Correct, it's Yukon!
59.7%

You're not logged in!

Compare scores with friends on all Sporcle quizzes.
Join for Free
OR
Log In

You Might Also Like...

Show Comments

Extras

Top Quizzes Today


Score Distribution

Your Account Isn't Verified!

In order to create a playlist on Sporcle, you need to verify the email address you used during registration. Go to your Sporcle Settings to finish the process.

Report this User

Report this user for behavior that violates our Community Guidelines.

Details: